00788cam a2200241Ia 4500001000700000003000600007008004100013040000800054041001100062050002800073245006400101260003900165300002600204500002200230504004100252546003200293596000600325650003300331650003700364942001200401952011600413999001700529u18249SIRSI070320s2004 ne ab 000 0 eng d aEAL aengara aORG HD1698.I4bW38 200410aWater in Egypt/cMinistry of water resource and irrigation. aNetherlands:bCreative lab,c2004. a108p.:bill.;c24 cm. aTitle from cover. aIncludes bibliographical references. aText in arabic and english. a1 0aWater resources development. 0aWater-supplyzIndiaxManagement. cBK2lcc 00102lcc4070aENALbENALd2018-02-20l0oHD1698.I4 W38 2004p0016132r2018-02-20 00:00:00t1w2018-02-20yBK c26244d26244